Tilastot visalle Sanat - "Aamu" - Pepe Willberg

Klikkaa tästä pelataksesi tätä visaa!

Yleistilastot

  • Tätä visaa on pelattu 94 kertaa
  • Keskiarvotulos 153 / 191

Vastaustilastot

Sanat% Oikein
98%
98%
98%
kun
97%
Ja
97%
ja
97%
Kun
97%
ja'
97%
saan
92%
siinä
92%
niin
92%
Niin
92%
lähelläin
90%
ihan
90%
oot
88%
nään
88%
sinut
88%
auki
88%
Silmäni
86%
vasten
86%
saa
86%
silmäni
86%
Vain
85%
olla
85%
vain
85%
lämpimänä '
85%
hiljaa
85%
lämpimänä
85%
tahdon
83%
minun
83%
kylkeäin.
83%
kultasein,
81%
Siihen
81%
jään.
81%
jään
81%
näin
81%
Sanot
80%
kätes
78%
kädellein.
76%
tuot
73%
tätä
66%
tunnelmaa
63%
Ei
63%
vaan.
53%
aamuisin
53%
kuin
53%
tunnen
46%
sun
39%
aloittaa
39%
mun
39%
suudelmaan
39%
Mun
39%
hyvänolon
39%
varoen
37%
hiuksiain
37%
harot
37%
suonissain,
36%
päivääni
34%
päiväni
34%
sulat
34%
hiipivän
34%
huuliani
31%
myötäilen,
31%
päin
29%
etsien
27%
kanssasi
27%
viet
25%
hiljalleen
25%
odotan
25%
syttyä
19%
tahdonkin.
19%

Tulosjakauma

Persentiili vastausten määrän mukaan

Jokaisen tuloksen saaneiden osuus

Tuloshistoriasi

Et ole pelannut tätä visaa